Страны Мира А-Я - Statistics

General Stats
  • This quiz has been taken 661 times
  • The average score is 22 of 27
Answer Stats
Намекать Страны Результат % Correct
А 11
100%
Б 17
99%
Г 13
97%
В 6
96%
Д 5
93%
И 10
91%
К 18
88%
Л 9
88%
М 17
88%
Н 9
88%
З 2
86%
П 8
86%
Р 3
86%
С 23
83%
Т 10
83%
У 4
82%
Ф 4
81%
Я 2
78%
Й 1
77%
Ч 4
77%
Х 1
76%
Э 6
75%
О 2
74%
Ш 3
72%
Е 1
70%
Ю 3
70%
Ц 1
59%
No matching quizzes found
Score Distribution
Percent of People with Each Score
Percentile by Number Answered
Your Score History
You have not taken this quiz